Cẩm nang tin học Khởi động máy MS-DOS . soạn thảo văn bản Sidekick,VNI,VSM,Norton NC,NU,NI,chống Virus ... /
Shranjeno v:
| Glavni avtor: | |
|---|---|
| Format: | Sách giấy |
| Jezik: | Vietnamese |
| Izdano: |
TP.HCM :
Sở Giáo dục và Đào tạo ,
1991
|
| Oznake: |
Označite
Brez oznak, prvi označite!
|
| Thư viện lưu trữ: | Thư viện Trường Đại học Đà Lạt |
|---|
| LEADER | 00677nam a2200241 4500 | ||
|---|---|---|---|
| 001 | DLU020001333 | ||
| 005 | ##2/3/1999 | ||
| 041 | # | # | |a vie |
| 082 | # | # | |a 005.1 |b VO-N |
| 090 | # | # | |a 005.1 |b VO-N |
| 100 | # | # | |a Võ Hiếu Nghĩa |
| 245 | # | # | |a Cẩm nang tin học |b Khởi động máy MS-DOS . |n soạn thảo văn bản Sidekick,VNI,VSM,Norton NC,NU,NI,chống Virus ... / |c Võ Hiếu Nghĩa |
| 260 | # | # | |a TP.HCM : |b Sở Giáo dục và Đào tạo , |c 1991 |
| 300 | # | # | |a 236 tr.; |c 19 cm. |
| 992 | # | # | |a 10200 |
| 994 | # | # | |a DLU |
| 900 | # | # | |a False |
| 911 | # | # | |a Administrator |
| 925 | # | # | |a G |
| 926 | # | # | |a A |
| 927 | # | # | |a SH |
| 980 | # | # | |a Thư viện Trường Đại học Đà Lạt |